| 000 | 00697nam a2200265Ia 4500 | ||
|---|---|---|---|
| 003 | OSt | ||
| 005 | 20220928131029.0 | ||
| 006 | a|||||r|||| 00| 0 | ||
| 007 | ta | ||
| 008 | 220927b |||||||| |||| 00| 0 eng d | ||
| 024 | _a616 | ||
| 037 | _cTextual | ||
| 040 |
_aSDCL _cSDCL _beng |
||
| 041 |
_2eng _aeng |
||
| 082 | _aD65264, P7 | ||
| 100 |
_aMongia R K _9476841 |
||
| 245 | 0 | _aRF and microwave coupled- line circuits | |
| 250 | _a2 | ||
| 260 |
_aBoston _bArtech House _c2007 |
||
| 300 |
_axxiii,549p. _ccm. |
||
| 650 | _aMicrowave Engineering | ||
| 700 |
_a Bahl I J _9416206 |
||
| 942 |
_hD65264, P7 _cTEXL _2CC |
||
| 999 |
_c789305 _d789305 |
||